|
|
|
|
| LEADER |
01111nmm a22003138a 4500 |
| 001 |
00044912 |
| 005 |
20191016151055.0 |
| 008 |
171101s2017####-vm#################vie|d |
| 020 |
# |
# |
|c 0
|
| 041 |
0 |
# |
|a vie
|
| 082 |
# |
# |
|a 495.1
|b GI108TR
|
| 245 |
1 |
0 |
|h Nguồn liệu điện tử
|a Giáo trình tiếng Hán cấp tốc Boya
|c Lý Hiếu Kỳ (ch.b); Tống Thiệu Niên; ... [và những người khác]
|p Tập 1
|
| 260 |
# |
# |
|a Hà Nội
|b Đại học Quốc gia Hà Nội
|c 2018
|
| 300 |
# |
# |
|e Sách
|a 1 CD
|c 43/4 inch.
|
| 653 |
# |
# |
|a Ngôn ngữ
|
| 653 |
# |
# |
|a Giáo trình
|
| 653 |
# |
# |
|a Cấp tốc
|
| 653 |
# |
# |
|a Tiếng Hoa
|
| 653 |
# |
# |
|a Đĩa CD
|
| 653 |
# |
# |
|a Tự học
|
| 700 |
1 |
# |
|a Chương, Hân
|
| 700 |
1 |
# |
|a Lý, Hiểu Kỳ
|
| 700 |
1 |
# |
|a Lưu, Lập Tân
|
| 700 |
1 |
# |
|a Nguyễn, Thị Thanh Huệ
|e Dịch
|
| 700 |
1 |
# |
|a Tống, Thiệu Niên
|
| 852 |
# |
# |
|j DPT.0004621
|j DPT.0004623
|j DPT.0004622
|
| 910 |
# |
# |
|d 16/10/2019
|
| 980 |
# |
# |
|a Trung tâm Học liệu Lê Vũ Hùng, Trường Đại học Đồng Tháp
|